| 000 | 01369cad a22002895a 4500 | ||
|---|---|---|---|
| 001 | L154929 | ||
| 008 | 120202s2011 xxk f 000 0 eng d | ||
| 035 | _a(Sirsi) u154929 | ||
| 041 | 0 | _aeng | |
| 110 | 2 |
_aOlympic Delivery Authority _95117 |
|
| 245 | 0 | 0 |
_aLearning legacy _blessons learned from the London 2012 construction project _h[electronic resource] |
| 260 |
_aLondon _bODA _c2011 |
||
| 505 | 4 | _aDesign and engineering innovation -- Equality, inclusion, employment and skills -- Health and safety -- Masterplanning and town planning -- Procurement and supply chain management -- Project and programme management -- Sustainability -- Systems and technology -- Transport -- Archaeology | |
| 520 | _aA snapshot look at the lessons learned from the London 2012 construction project based on 10 Learning Legacy themes; with RICS participation. | ||
| 590 | _aKA | ||
| 650 | 2 | 4 | _aOLYMPIC GAMES 2012 |
| 651 | 4 |
_aUnited Kingdom _y |
|
| 690 |
_aConstruction management _96230 |
||
| 690 | _aDesign and specification | ||
| 690 |
_aPlanning and development _96259 |
||
| 690 | _aProcurement-old | ||
| 690 |
_aProject management _96261 |
||
| 690 |
_aSustainability _96271 |
||
| 690 |
_aInfrastructure _96246 |
||
| 856 | 4 | 0 |
_uhttps://www.london2012.com/documents/oda-publications/learning-legacy.pdf _zView the item free of charge at www.london2012.com |
| 942 | _n0 | ||
| 999 |
_c113243 _d113243 |
||